New possibilities of identifying social capital for its use in sustainable rural development
Predpoklady trvalo udržateľného rozvoja vidieka. Jedným z nich je sociálna prijateľnosť rôznych projektov či programov. Sociálny kapitál je sledovaný vo vybraných obciach. Metóda obsahovej analýzy pri rýchlej identifikácii sociálneho kapitálu. Testovanie možností tejto metódy má praktický význam pre...
Salvato in:
| Autore principale: | |
|---|---|
| Natura: | Capitolo di libro |
| Lingua: | inglese |
| Soggetti: | |
| Tags: |
Nessun Tag, puoi essere il primo ad aggiungerne!!
|
MARC
| LEADER | 00000naa$a2200000$$$4500 | ||
|---|---|---|---|
| 001 | 0027198 | ||
| 005 | 20231113141321.4 | ||
| 041 | 0 | |a eng | |
| 044 | |a CZ | ||
| 245 | 1 | 0 | |a New possibilities of identifying social capital for its use in sustainable rural development |c Michal Lošťák |
| 520 | |a Predpoklady trvalo udržateľného rozvoja vidieka. Jedným z nich je sociálna prijateľnosť rôznych projektov či programov. Sociálny kapitál je sledovaný vo vybraných obciach. Metóda obsahovej analýzy pri rýchlej identifikácii sociálneho kapitálu. Testovanie možností tejto metódy má praktický význam pre pripravovateľov rozvojových projektov a odpovedá požiadavkám Svetovej banky na nové spôsoby merania sociálneho kapitálu. | ||
| 610 | 2 | 0 | |a vidiek |
| 610 | 2 | 0 | |a rozvoj trvalo udržateľný |
| 610 | 2 | 0 | |a kapitál sociálny |
| 610 | 2 | 0 | |a analýza obsahová |
| 100 | 1 | |a Lošťák, Michal | |